[Event "Tatry Open"]
[Site "High Tatras SVK"]
[Date "2001.10.03"]
[Round "6"]
[White "Baumruk,J"]
[Black "Dudas,Jan"]
[Result "0-1"]
[WhiteElo "2112"]
[BlackElo "2238"]

1.e4 c5 2.Nf3 d6 3.d4 cxd4 4.Nxd4 Nf6 5.Nc3 a6 6.f3 e6 7.Be3 Nbd7 8.Qd2 b5
9.a4 b4 10.Nce2 d5 11.exd5 Nxd5 12.Bf2 Bb7 13.Nc1 Bd6 14.Bg3 Ne5 15.Be2 O-O
16.O-O Rc8 17.Ncb3 Qc7 18.Rac1 Rfd8 19.Rfd1 Ng6 20.Bxd6 Rxd6 21.Bf1 Ngf4
22.Ne2 Nc3 23.Qxd6 Ncxe2+ 24.Bxe2 Nxe2+ 25.Kf1 Qxd6 26.Rxd6 Nxc1 27.Nxc1 Kf8
28.Nd3 Rxc2 29.Nxb4 Rxb2 30.Rb6 a5 31.Rxb7 axb4 32.a5 Ra2 33.Rxb4 Rxa5 34.Rb7 Ra2
35.Kg1 h5 36.h3 g6 37.Kh2 Kg7 38.h4 Kf6 39.Kg3 e5 40.Rb6+ Kf5 41.Rb7 f6 42.Rb4 Ra6
43.Kh3 Ke6 44.Rb8 Kd5 45.g4 hxg4+ 46.Kxg4 Ra4+ 47.Kg3 Ra3 48.Rg8 e4 49.Rxg6 Rxf3+
50.Kg2 Rf5 51.Rg3 Rh5 52.Kh3 f5 53.Ra3 Ke5 54.Rb3 Kf4 55.Ra3 Rh8 56.Rb3 e3
57.Kg2 Rg8+ 58.Kf1 Kf3 59.Ra3 f4 60.h5 Rg5  0-1

[Event "Tatry Open"]
[Site "High Tatras SVK"]
[Date "2001.10.04"]
[Round "7"]
[White "Kalod,R"]
[Black "Motuz,K"]
[Result "0-1"]
[WhiteElo "2480"]
[BlackElo "2354"]

1.e4 c5 2.Nf3 d6 3.d4 cxd4 4.Nxd4 Nf6 5.Nc3 a6 6.Be3 Ng4 7.Bc1 Nf6 8.f3 e5
9.Nb3 Be6 10.Be3 Nbd7 11.Qd2 b5 12.a4 b4 13.Nd5 Bxd5 14.exd5 Nb6 15.Bxb6 Qxb6
16.a5 Qb7 17.Bc4 Be7 18.Ra4 Rb8 19.Nc1 O-O 20.Na2 e4 21.Kd1 e3 22.Qd3 Nd7
23.Qxe3 Bf6 24.b3 Qc7 25.Qd2 Ne5 26.Rxb4 Rxb4 27.Qxb4 Rb8 28.Re1 g6 29.Qa3 Qa7
30.Re2 Nd7 31.c3 Qg1+ 32.Kc2 Qxh2 33.Nb4 Ne5 34.Bxa6 Qf4 35.Nd3 Nxd3 36.Bxd3 Rc8
37.Bc4 Bg5 38.a6 h5 39.Kb1 Kg7 40.Qb2 h4 41.Qc2 h3 42.gxh3 Qxf3 43.Qd3 Qh1+
44.Ka2 Rh8 45.Rf2 f5 46.Re2 Bf6 47.Re3 f4 48.Rf3 Re8 49.Rxf4 Qh2+ 50.Ka3 Qxf4
51.Ka4 Qc1 52.Bb5 Re3 53.Qf1 Qxc3 54.Bc4 Re1 55.Qd3 Ra1+ 56.Kb5 Qa5+ 57.Kc6 Qc5+
58.Kb7 Re1 59.Qe2 Rxe2 60.Bxe2 Qxd5+  0-1

[Event "ch-SLO"]
[Site "Grize SLO"]
[Date "2001.10.05"]
[Round "5"]
[White "Novak,Je"]
[Black "Novak,G"]
[Result "0-1"]
[WhiteElo "2138"]
[BlackElo "2160"]

1.e4 c5 2.Nf3 d6 3.d4 cxd4 4.Nxd4 Nf6 5.Nc3 a6 6.f3 e5 7.Nb3 Be6 8.Be3 Nbd7
9.Qd2 b5 10.a4 b4 11.Nd5 Bxd5 12.exd5 Nb6 13.Bxb6 Qxb6 14.Bc4 Be7 15.a5 Qb7
16.Ra4 Rb8 17.Qd3 Ra8 18.Qd2 Rb8 19.Qd3 Ra8 20.Qd2 Rb8 21.Qd3 O-O 22.Bxa6 Qa7
23.Bb5 e4 24.fxe4 Ng4 25.Qd4 Bh4+ 26.g3 Qe7 27.Be2 Bf6 28.Qd3 Ne5 29.Qe3 Bg5
30.Qd4 f5 31.O-O f4 32.Qd1 fxg3 33.hxg3 Qd7  0-1

[Event "TCh-BUL"]
[Site "Pamporovo BUL"]
[Date "2001.10.05"]
[Round "4"]
[White "Valev,M"]
[Black "Kjurkchiiski,G"]
[Result "1-0"]
[WhiteElo "2143"]
[BlackElo "2275"]

1.e4 c5 2.Nf3 d6 3.d4 cxd4 4.Nxd4 Nf6 5.Nc3 a6 6.f3 e5 7.Nb3 Be6 8.Nd5 Nxd5
9.exd5 Bf5 10.Be3 Nd7 11.c4 b6 12.Bd3 Bxd3 13.Qxd3 Be7 14.O-O O-O 15.f4 Bf6
16.f5 e4 17.Qe2 Ne5 18.Nd2 Rc8 19.b3 Nd7 20.Rac1 Re8 21.Rf4 Be5 22.Rxe4 Nf6
23.Bg5 Bd4+ 24.Kf1 Nxe4 25.Bxd8 Ng3+ 26.hxg3 Rxe2 27.Kxe2 Rxd8 28.Kd3 Bc5
29.g4 Re8 30.Ne4 Bb4 31.Rc2 Re5 32.Re2 h5 33.Nf2 Rxe2 34.Kxe2 g6 35.fxg6 fxg6
36.gxh5 gxh5 37.Nd3 Bc3 38.Nf4 h4 39.Kf3 Kg7 40.Kg4 Kf6 41.Kxh4 Kf5 42.Ne2 Bf6+
43.Kh5 Ke4 44.g4 Be5 45.Ng1 a5 46.g5 a4 47.bxa4 Bb2 48.Ne2 Be5 49.g6 Bg7
50.Ng3+ Kf4 51.a5 bxa5 52.c5  1-0

[Event "3rd Golden Autumn"]
[Site "Alushta UKR"]
[Date "2001.10.07"]
[Round "?"]
[White "Pavlov,Ma"]
[Black "Shtyrenkov,V"]
[Result "0-1"]
[WhiteElo "2350"]
[BlackElo "2492"]

1.e4 c5 2.Nf3 d6 3.d4 cxd4 4.Nxd4 Nf6 5.Nc3 a6 6.f3 e6 7.Be3 b5 8.Qd2 Nfd7
9.O-O-O Nb6 10.g4 N8d7 11.Qf2 Bb7 12.Bd3 Rc8 13.Nce2 Nc5 14.Kb1 Qc7 15.g5 Nba4
16.Qg3 e5 17.Bxb5+ axb5 18.Nxb5 Qb6 19.Nec3 Nxc3+ 20.Nxc3 Qa6 21.h4 Be7 22.h5 Na4
23.Nxa4 Qxa4 24.b3 Qa6 25.c4 Ra8 26.Rd2 Bc8 27.Rhh2 Be6 28.g6 fxg6 29.hxg6 h6
30.Rh5 Bf6 31.Qh2 Ke7 32.Qe2 Rhb8 33.Rb2 Rb7 34.Rh1 Rab8 35.Bc1 Ke8 36.Rd1 Bd8
37.Qd3 Rb6 38.Rc2 Ra8 39.Ka1 Qb7 40.Kb1 Rba6 41.f4 exf4 42.Bxf4 Bf6 43.Bxd6 Rd8
44.e5 Bxe5 45.Qe3 Raxd6 46.Rxd6 Qh1+ 47.Rc1 Bf5+  0-1

[Event "3rd Golden Autumn"]
[Site "Alushta UKR"]
[Date "2001.10.07"]
[Round "?"]
[White "Pavlov,Ma"]
[Black "Gasanov,E"]
[Result "0-1"]
[WhiteElo "2350"]
[BlackElo "2440"]

1.e4 c5 2.Nf3 d6 3.d4 Nf6 4.Nc3 cxd4 5.Nxd4 a6 6.f3 Qb6 7.Nb3 e6 8.Qe2 Qc7
9.Be3 b5 10.Qf2 Nbd7 11.Bd3 b4 12.Ne2 d5 13.exd5 Nxd5 14.Be4 N7f6 15.Bxd5 Nxd5
16.Bc5 Bxc5 17.Qxc5 Qd7 18.Ng3 Bb7 19.Ne4 Rd8 20.O-O-O f5 21.Kb1 fxe4 22.fxe4 Rc8
23.Qa5 O-O 24.exd5 Bxd5 25.Qxb4 a5 26.Qxa5 Ra8 27.Qc3 Rfc8 28.Qd4 Ra4 29.Qe5 Qc6
30.Rd2 Re4 31.Qg3 Qb6 32.Qf2 Qa6 33.Rf1 h6 34.Re1 Rf8 35.Rxe4 Rxf2 36.Rxf2 Bxe4
37.Nd2 Bd5 38.b3 Qb6 39.Re2 Qg1+  0-1

[Event "3rd Golden Autumn"]
[Site "Alushta UKR"]
[Date "2001.10.07"]
[Round "?"]
[White "Yagupov,I"]
[Black "Gasanov,E"]
[Result "1/2-1/2"]
[WhiteElo "2442"]
[BlackElo "2440"]

1.e4 c5 2.Nf3 d6 3.d4 Nf6 4.Nc3 cxd4 5.Nxd4 a6 6.Be3 Ng4 7.Bc1 Nf6 8.f3 Nc6
9.Be3 d5 10.Nxd5 Nxd5 11.exd5 Qxd5 12.Nxc6 Qxc6 13.Bd3 e5 14.Be4 Qb5 15.Qd5 Qxb2
16.Kf2 Be7 17.Rab1 Qc3 18.Rb3 Qc7 19.Rd1 O-O 20.Bb6 Qb8 21.c4 Be6 22.Qd3 Qc8
23.Bd5 Rb8 24.Ke2 Re8 25.Ba7 b5 26.Bxe6 Qxe6 27.Bxb8 bxc4 28.Qd7 Qxd7 29.Rxd7 cxb3
30.axb3 Rxb8 31.Rxe7 f6 32.Ra7 Rxb3 33.Rxa6 Rb2+ 34.Kf1 h5 35.h4 Rb4 36.g3 Rb2
37.Ra7 Kh7 38.Re7 Rb1+ 39.Kf2 Rb2+ 40.Kf1 Kg6 41.Kg1 Rb3 42.Kf2 Rb2+ 43.Kg1 Kh6
44.Rf7 Rb1+ 45.Kf2 Rb2+ 46.Kg1 Rb6 47.Kf2 g5 48.hxg5+ Kxg5 49.Rg7+ Kf5 50.Rh7 Rb2+
51.Kf1 Kg6 52.Rh8 Rb7 53.Kf2 Rh7 54.Ra8 Kf5 55.Ra4 Rb7 56.g4+ hxg4 57.Rxg4 Rb2+
58.Ke3 Rb3+ 59.Ke2 Ke6 60.Ra4 Kd5 61.Ra5+ Kd4 62.Ra4+ Kd5 63.Ra5+ Kc4 64.Ra8 Rb2+
65.Ke3 f5 66.Rc8+ Kd5 67.Rd8+ Ke6 68.Re8+ Kd6 69.Rd8+ Ke7 70.Ra8 Rb3+ 71.Ke2 f4
72.Ra6 Re3+ 73.Kf2 Rd3 74.Ke2 Rd4 75.Rb6 Kd7 76.Ra6 Rd5 77.Rb6 Rd6 78.Rb8 Re6
79.Ra8  1/2-1/2

[Event "3rd Golden Autumn"]
[Site "Alushta UKR"]
[Date "2001.10.07"]
[Round "?"]
[White "Yagupov,I"]
[Black "Shtyrenkov,V"]
[Result "1/2-1/2"]
[WhiteElo "2442"]
[BlackElo "2492"]

1.e4 c5 2.Nf3 d6 3.d4 cxd4 4.Nxd4 Nf6 5.Nc3 a6 6.f3 e6 7.Be3 b5 8.g4 Nfd7
9.Qd2 Nb6 10.O-O-O N8d7 11.Bd3 Ne5 12.Qf2 Nbc4 13.h4 Bb7 14.Kb1 Nxe3 15.Qxe3 Qb6
16.Qe1 h5 17.Be2 Nc6 18.Nb3 hxg4 19.f4 O-O-O 20.Bxg4 Kb8 21.Rh3  1/2-1/2

[Event "Sportland NRW Cup"]
[Site "Senden GER"]
[Date "2001.10.15"]
[Round "3"]
[White "Saltaev,M"]
[Black "Wegener,O"]
[Result "1/2-1/2"]
[WhiteElo "2504"]
[BlackElo "2312"]

1.e4 c5 2.Nf3 d6 3.d4 cxd4 4.Nxd4 Nf6 5.Nc3 a6 6.f3 e6 7.a4 Nc6 8.Be3 d5
9.exd5 exd5 10.Nb3 Bd6 11.a5 O-O 12.Be2 Be6 13.Bb6 Qb8 14.g3 Re8 15.Kf2  1/2-1/2

[Event "TCh-ESP"]
[Site "Cala Galdana ESP"]
[Date "2001.10.18"]
[Round "6"]
[White "Teran Alvarez,I"]
[Black "Pablo Marin,A"]
[Result "0-1"]
[WhiteElo "2396"]
[BlackElo "2403"]

1.e4 c5 2.Nf3 d6 3.d4 cxd4 4.Nxd4 Nf6 5.Nc3 a6 6.f3 e5 7.Nb3 Be6 8.Be3 Be7
9.Qd2 O-O 10.g4 Nbd7 11.O-O-O Qc7 12.h4 b5 13.g5 Nh5 14.Qf2 b4 15.Nd5 Bxd5
16.exd5 a5 17.Kb1 a4 18.Nc1 f5 19.f4 exf4 20.Bxf4 a3 21.Be3 axb2 22.Kxb2 Nc5
23.Bxc5 dxc5 24.Bc4 Bd6 25.Nd3 Rae8 26.Rhe1 Re4 27.Qf3 Rxc4 28.Qxh5 Rg4 29.Nf2 g6
30.Qh6 Be5+ 31.Kb1 Rd4 32.Rxd4 cxd4 33.Rxe5 Qxe5 34.Nd3 Qh2 35.Nxb4 Qd2 36.Nc6 Re8  0-1

[Event "TCh-SLO"]
[Site "Bled SLO"]
[Date "2001.10.19"]
[Round "2"]
[White "Zorko,J"]
[Black "Perus,D"]
[Result "0-1"]
[WhiteElo "2148"]
[BlackElo "2309"]

1.e4 c5 2.Nf3 d6 3.d4 cxd4 4.Nxd4 Nf6 5.Nc3 a6 6.f3 e6 7.Be3 b5 8.Qd2 Bb7
9.g4 Nc6 10.O-O-O Be7 11.h4 O-O 12.g5 Nd7 13.g6 hxg6 14.h5 g5 15.Rg1 Nxd4
16.Qxd4 Ne5 17.Rg3 Bf6 18.Qd2 Rc8 19.Kb1 b4 20.Na4 Nxf3 21.Qxb4 Qc7 22.c3 a5
23.Qb6 Bxe4+ 24.Kc1 d5 25.Qxc7 Rxc7 26.Bg2 Ne5 27.Bxe4 dxe4 28.Bxg5 Bxg5+
29.Rxg5 f6 30.Rg2 Kh7 31.Rd6 f5 32.Ra6 Rf6 33.Rxa5 Nd3+ 34.Kd2 f4 35.Rg1 Rd7
36.Ke2 e5 37.Nc5 Nxc5 38.Rxc5 Rf5 39.Rf1 e3 40.b4 Rxh5  0-1

[Event "WYB18"]
[Site "Oropesa del Mar ESP"]
[Date "2001.10.23"]
[Round "3"]
[White "Ni Hua"]
[Black "Paragua,M"]
[Result "0-1"]
[WhiteElo "2538"]
[BlackElo "2447"]

1.e4 c5 2.Nf3 d6 3.d4 cxd4 4.Nxd4 Nf6 5.Nc3 a6 6.f3 e5 7.Nb3 Be6 8.Be3 Nbd7
9.g4 b5 10.g5 b4 11.Ne2 Nh5 12.Qd2 a5 13.Ng3 Nxg3 14.hxg3 a4 15.Nc1 Qa5 16.Nd3 d5
17.exd5 Bxd5 18.Bh3 Bc6 19.O-O-O Rd8 20.g6 fxg6 21.Bg5 Nf6 22.Rhe1 e4 23.Qf4 Bd6
24.Qh4 Be7 25.fxe4 b3 26.Be6 h6 27.e5 Nd5 28.Qc4 Bxg5+ 29.Nf4 Bxf4+ 30.gxf4 bxa2
31.Qxa2 a3 32.bxa3 Ke7  0-1

[Event "WYB18"]
[Site "Oropesa del Mar ESP"]
[Date "2001.10.24"]
[Round "4"]
[White "Mastrovasilis,D"]
[Black "Teterev,V"]
[Result "1/2-1/2"]
[WhiteElo "2426"]
[BlackElo "2301"]

1.e4 c5 2.Nf3 d6 3.d4 cxd4 4.Nxd4 Nf6 5.Nc3 a6 6.f3 Qb6 7.Nb3 e6 8.Qe2 Nc6
9.g4 Qc7 10.Be3 b5 11.O-O-O Bb7 12.Qf2 Nd7 13.Kb1 Rc8 14.g5 b4 15.Ne2 Nce5
16.Ned4 Be7 17.h4 Nc5 18.Rg1 d5 19.h5 dxe4 20.g6 hxg6 21.hxg6 Nxg6 22.f4 Nxb3
23.axb3 Bf6 24.Bc4 Ne7 25.Nxe6 fxe6 26.Bxe6 Qc6 27.Bd7+ Qxd7 28.Rxd7 Kxd7
29.Bd4 Rc7 30.Bxf6 gxf6 31.Qd4+ Kc8 32.Qxf6 Rd8 33.Qe6+ Kb8 34.f5  1/2-1/2

[Event "WYB18"]
[Site "Oropesa del Mar ESP"]
[Date "2001.10.24"]
[Round "4"]
[White "Gagunashvili,M"]
[Black "Kanep,M"]
[Result "1/2-1/2"]
[WhiteElo "2480"]
[BlackElo "2307"]

1.e4 c5 2.Nf3 d6 3.d4 cxd4 4.Nxd4 Nf6 5.Nc3 a6 6.f3 e6 7.Be3 Nbd7 8.Qd2 b5
9.a4 b4 10.Na2 d5 11.Nxb4 dxe4 12.Be2 Bb7 13.O-O Qc7 14.Rad1 Be7 15.c3 Nc5
16.Qc2 O-O 17.Kh1 Rac8 18.Na2  1/2-1/2

[Event "WYB16"]
[Site "Oropesa del Mar ESP"]
[Date "2001.10.26"]
[Round "6"]
[White "Sitnikov,A"]
[Black "Shanava,K"]
[Result "0-1"]
[WhiteElo "2218"]
[BlackElo "2332"]

1.e4 c5 2.Nf3 d6 3.d4 cxd4 4.Nxd4 Nf6 5.Nc3 a6 6.f3 e5 7.Nb3 Be6 8.Be3 Nbd7
9.g4 Be7 10.Qd2 h6 11.O-O-O b5 12.h4 Nb6 13.Qf2 Nfd7 14.Kb1 Qc7 15.Nd5 Bxd5
16.exd5 Nc4 17.Bc1 a5 18.Nd2 a4 19.b3 axb3 20.cxb3 Na3+ 21.Bxa3 Rxa3 22.Bxb5 O-O
23.Nc4 Ra7 24.Qc2 Nc5 25.g5 h5 26.Rd2 Rb8 27.Bc6 g6 28.Re2 Bf8 29.Re3 Na6
30.a3 Bg7 31.Kc1 Nb4 32.Qe4 Nxc6 33.dxc6 Ra6 34.Kb2 Rxc6 35.Rc1 Rc5 36.Rd3 d5
37.Rxd5 Rxd5 38.Qxd5 e4+ 39.Kc2 Qh2+ 40.Qd2 Qxh4 41.f4 Qg3 42.Qe3 Qg2+ 43.Qd2 Qh3
44.Qe3 Qe6 45.Re1 Re8 46.Rd1 h4 47.Rh1 Rd8 48.Ne5 Bxe5 49.fxe5 Rd3  0-1

[Event "Chigorin Mem Open"]
[Site "St Petersburg RUS"]
[Date "2001.10.26"]
[Round "1"]
[White "Vorobiov,E"]
[Black "Paramonov,D"]
[Result "1-0"]
[WhiteElo "2516"]
[BlackElo "2309"]

1.e4 c5 2.Nf3 d6 3.d4 cxd4 4.Nxd4 Nf6 5.Nc3 a6 6.f3 e6 7.Be3 b5 8.g4 h6 9.Qd2 Nbd7
10.O-O-O Bb7 11.h4 b4 12.Na4 Qa5 13.b3 Nc5 14.a3 Rc8 15.axb4 Nxb3+ 16.Nxb3 Qxa4
17.Kb2 d5 18.c3 dxe4 19.Ra1 Qd7 20.Qxd7+ Nxd7 21.Na5 Bd5 22.Bxa6 Rb8 23.fxe4 Bxe4
24.Rhe1 Bd5 25.Bf4 Rb6 26.Bc4 Nc5 27.Red1 Bf3 28.Rd4 e5 29.Bxe5 Ne6 30.Rd2 Be7
31.Rf1 Bxg4 32.Bxg7 Rg8 33.Bd4 Rb8 34.Nc6 Rc8 35.Ne5 Bxh4 36.Bb5+ Kf8 37.Nd7+ Ke8
38.Nf6+  1-0

[Event "Jonsson Mem Open"]
[Site "Reykjavik ISL"]
[Date "2001.10.27"]
[Round "4"]
[White "Kristjansson,S"]
[Black "Gislason,G"]
[Result "1-0"]
[WhiteElo "2374"]
[BlackElo "2305"]

1.e4 c5 2.Nf3 d6 3.d4 cxd4 4.Nxd4 Nf6 5.Nc3 a6 6.f3 e6 7.Be3 Be7 8.Qd2 Nc6
9.O-O-O O-O 10.g4 Nxd4 11.Bxd4 b5 12.Kb1 e5 13.Be3 Be6 14.g5 Nd7 15.h4 Re8
16.Bh3 Bf8 17.h5 Nb6 18.Bxb6 Qxb6 19.g6 Qb7 20.Qg2 a5 21.Bxe6 Rxe6 22.gxf7+ Qxf7
23.Nd5 b4 24.Rdf1 a4 25.f4 a3 26.b3 exf4 27.Rxf4 Qa7 28.Qd2 g6 29.hxg6 Qg7
30.Nf6+ Rxf6 31.Qd5+ Kh8 32.Rxf6  1-0

[Event "Jonsson Mem Open"]
[Site "Reykjavik ISL"]
[Date "2001.10.27"]
[Round "4"]
[White "Ptacnikova,L"]
[Black "Steindorsson,S"]
[Result "1/2-1/2"]
[WhiteElo "2246"]
[BlackElo "2213"]

1.e4 c5 2.Nf3 d6 3.d4 cxd4 4.Nxd4 Nf6 5.Nc3 a6 6.f3 e6 7.Be3 b5 8.Qd2 Bb7
9.g4 h6 10.O-O-O Nbd7 11.h4 b4 12.Na4 Qa5 13.b3 Nc5 14.a3 Rc8 15.Qxb4 Qc7
16.Nxc5 dxc5 17.Qa4+ Nd7 18.Ne2 Bc6 19.Qc4 Be7 20.Bd2 Bf6 21.Nc3 Rb8 22.Qe2 Bb5
23.Qh2 Ne5 24.Be2 c4 25.b4 Bd7 26.f4 a5 27.fxe5 Bxe5 28.Qf2 axb4 29.axb4 Rxb4
30.Rhf1 O-O 31.Qf3 Qa5 32.Bf4 Qa3+ 33.Kd2 Bxf4+ 34.Qxf4 Rb7 35.Ra1 Qc5 36.Qe3 Qe5
37.Ra7 Rxa7 38.Qxa7 Bc6 39.Bxc4 Bxe4 40.Nxe4 Qxe4 41.Bd3 Qxg4 42.Qe7 Qh5
43.Bh7+ Kxh7 44.Qxf8 Qa5+ 45.c3 Qd5+ 46.Kc1 Qd3 47.Rf2 Qxc3+ 48.Kd1 Qd3+
49.Ke1 Qe3+ 50.Kf1 Qh3+ 51.Ke2 Qg4+ 52.Kd2 Qd4+ 53.Ke1 Qe3+ 54.Re2 Qc1+ 55.Kf2 Qf4+
56.Kg1 Qg3+ 57.Kf1 Qf4+ 58.Rf2 Qc4+ 59.Kg1 Qg4+ 60.Rg2 Qd4+ 61.Kf1 Qd1+ 62.Kf2 Qd2+
63.Kf3 Qd3+ 64.Kf2  1/2-1/2

[Event "WYB16"]
[Site "Oropesa del Mar ESP"]
[Date "2001.10.28"]
[Round "7"]
[White "Alekseev,E"]
[Black "Zhao Jun"]
[Result "1-0"]
[WhiteElo "2548"]
[BlackElo "2347"]

1.e4 c5 2.Nf3 d6 3.d4 cxd4 4.Nxd4 Nf6 5.Nc3 a6 6.f3 e5 7.Nb3 Be6 8.Be3 Be7
9.Qd2 h5 10.Nd5 Bxd5 11.exd5 Nbd7 12.Be2 h4 13.c4 a5 14.O-O Nh5 15.Rad1 O-O
16.Nc1 f5 17.Nd3 f4 18.Bf2 Ng3 19.Rfe1 Bg5 20.Qc2 Rc8  1-0

[Event "WYB18"]
[Site "Oropesa del Mar ESP"]
[Date "2001.10.28"]
[Round "7"]
[White "Ni Hua"]
[Black "Popovic,Du"]
[Result "1/2-1/2"]
[WhiteElo "2538"]
[BlackElo "2372"]

1.e4 c5 2.Nf3 d6 3.d4 cxd4 4.Nxd4 Nf6 5.Nc3 a6 6.f3 e5 7.Nb3 Be6 8.Be3 Nbd7
9.g4 b5 10.g5 b4 11.Nd5 Nxd5 12.exd5 Bf5 13.Bd3 Bxd3 14.Qxd3 Be7 15.h4 O-O
16.O-O-O a5 17.Nd2 f5 18.gxf6 Nxf6 19.h5 Qc8 20.Rdg1 Kh8 21.h6 g6 22.Nc4 Qb7
23.Bg5 Nh5 24.Be3 Nf4 25.Bxf4 Rxf4 26.Rg4 Qc7 27.Kb1 Rxg4 28.fxg4 Rf8 29.Nd2 Qd7
30.Rg1 Rf4 31.Qa6 Kg8 32.g5 Qd8 33.Qa7 Bf8 34.b3 Rf7 35.Qe3 Be7 36.a4 bxa3
37.Ka2 Rf4 38.Qa7 Rf7 39.Qe3 Rf4 40.Ne4 Qc8 41.Rg2 a4 42.Qc3  1/2-1/2

[Event "WYB16"]
[Site "Oropesa del Mar ESP"]
[Date "2001.10.29"]
[Round "8"]
[White "Mamedov,N"]
[Black "Efimenko,Z"]
[Result "1-0"]
[WhiteElo "2405"]
[BlackElo "2523"]

1.e4 c5 2.Nf3 d6 3.d4 cxd4 4.Nxd4 Nf6 5.Nc3 a6 6.f3 e6 7.Be3 b5 8.Qd2 Nbd7
9.g4 Nb6 10.g5 Nfd7 11.Bd3 Bb7 12.O-O-O Rc8 13.Kb1 Ne5 14.Qe1 Be7 15.h4 b4
16.Nce2 d5 17.h5 Nbc4 18.Bc1 Qb6 19.Bxc4 dxc4 20.Qg3 Qc5 21.g6 b3 22.h6 Nxg6
23.hxg7 Rg8 24.Rxh7 bxc2+ 25.Nxc2 Bf6 26.Be3 Qb5 27.Bd4 Bxd4 28.Ncxd4 Qe5
29.Qxe5 Nxe5 30.Ng3 Ng6 31.Nde2 Ne7 32.Nc3 Rc5  1-0

[Event "WYB18"]
[Site "Oropesa del Mar ESP"]
[Date "2001.10.29"]
[Round "8"]
[White "Gagunashvili,M"]
[Black "Sadykov,R"]
[Result "1/2-1/2"]
[WhiteElo "2480"]
[BlackElo "2290"]

1.e4 c5 2.Nf3 d6 3.d4 cxd4 4.Nxd4 Nf6 5.Nc3 a6 6.f3 e6 7.Be3 b5 8.Qd2 Nbd7
9.g4 h6 10.h4 b4 11.Na4 d5 12.Bh3 dxe4 13.g5 Nd5 14.Bxe6 fxe6 15.O-O-O Ne5
16.fxe4 Nxe3 17.Qxe3 Qc7 18.Nf3 Nc4 19.Qb3 e5 20.gxh6 g6 21.Kb1 Be6 22.Ka1 Bxh6
23.Qxb4 Rb8 24.Qc3 Rc8 25.Ng5 Bxg5 26.hxg5 Rf8 27.b3 Na3 28.Kb2 Nxc2 29.Qxc7 Rxc7
30.Rd6 Nd4 31.Rxa6 Rf2+ 32.Kb1 Bf7 33.Ra5 Nf3 34.Nc5 Rd2 35.Rf1 Nxg5 36.Na6 Re7
37.Nb4 Rd6 38.Kb2 Nh3 39.Ra8+ Kd7 40.Ra7+ Ke8 41.Ra8+ Rd8 42.Rxd8+ Kxd8 43.Nc6+ Kd7
44.Nxe7 Kxe7 45.a4 Be8 46.a5 Bb5 47.Ra1 Ba6 48.Rh1 Nf4 49.Rh7+ Kd6 50.Rg7 Kc5
51.Kc3 Ne2+ 52.Kd2 Nf4 53.Kc3 Bd3 54.b4+ Kc6 55.Re7 Kd6 56.Ra7 Kc6  1/2-1/2

[Event "WYG16"]
[Site "Oropesa del Mar ESP"]
[Date "2001.10.29"]
[Round "8"]
[White "Pogonina,N"]
[Black "Tsai,C"]
[Result "1-0"]
[WhiteElo "2272"]
[BlackElo "2203"]

1.e4 c5 2.Nf3 d6 3.d4 cxd4 4.Nxd4 Nf6 5.Nc3 a6 6.f3 e5 7.Nb3 Be6 8.Be3 Be7
9.g4 d5 10.g5 Nxe4 11.Nxe4 dxe4 12.Qxd8+ Bxd8 13.fxe4 h6 14.gxh6 Bh4+ 15.Kd2 gxh6
16.Nc5 Bc8 17.Bc4 Nd7 18.Raf1 Nf6 19.Rhg1 b6 20.Nd3 b5 21.Bb3 Be6 22.Bxe6 fxe6
23.Ke2 Rc8 24.c3 Rc4 25.Nxe5 Rxe4 26.Ng6 Rg8 27.Kd3 Kf7 28.Nxh4 Rxg1 29.Bxg1 Rxh4
30.Bd4 Rh3+ 31.Kc2 Rxh2+ 32.Kb3  1-0

[Event "Chigorin Mem Open"]
[Site "St Petersburg RUS"]
[Date "2001.10.31"]
[Round "6"]
[White "Melnikov,D"]
[Black "Ayupov,D"]
[Result "1-0"]
[WhiteElo "2276"]
[BlackElo "2374"]

1.e4 c5 2.Nf3 d6 3.d4 cxd4 4.Nxd4 Nf6 5.Nc3 a6 6.f3 e6 7.Be3 b5 8.g4 Nfd7
9.Qd2 Nb6 10.O-O-O N8d7 11.Bd3 Bb7 12.Qf2 Rc8 13.Nce2 Be7 14.h4 O-O 15.g5 d5
16.g6 hxg6 17.h5 g5 18.Kb1 Nc4 19.Bxc4 Rxc4 20.Rdg1 dxe4 21.f4 e5 22.Nf5 exf4
23.Nxf4 Ne5 24.Rd1 Qe8 25.h6 g6 26.h7+ Kh8 27.Nxe7 Qxe7 28.Nd5 Bxd5 29.Rxd5 Rd8
30.Bc5 Rxc5 31.Qxc5  1-0

[Event "EuTCh"]
[Site "Leon ESP"]
[Date "2001.11.08"]
[Round "3"]
[White "Spasov,V"]
[Black "Gashimov,V"]
[Result "1/2-1/2"]
[WhiteElo "2569"]
[BlackElo "2442"]

1.e4 c5 2.Nf3 d6 3.d4 cxd4 4.Nxd4 Nf6 5.Nc3 a6 6.Be3 Ng4 7.Bc1 Nf6 8.f3 e5
9.Nb3 Be7 10.Be3 Be6 11.Qd2 Nbd7 12.O-O-O b5 13.g4 h6 14.Kb1 Nb6 15.Qf2 Rb8
16.Nc5 b4 17.N3a4 Nxa4 18.Nxa4 Qc7 19.Nb6 Qc6 20.b3 d5 21.exd5 Nxd5 22.Nxd5 Bxd5
23.Bd3 O-O 24.Rhf1 a5 25.Qg3 Bd6 26.Qh4 e4 27.fxe4 Bxe4 28.Bxh6 Be5 29.Bxe4 Qxh6
30.Qxh6 gxh6 31.Rd5 Bc7 32.g5 Rbe8 33.Bd3 Re6 34.Rd7 Bxh2 35.Bc4 Rd6 36.Rxd6 Bxd6
37.g6 Kg7 38.gxf7 Be7 39.Rg1+ Bg5 40.c3 Rd8 41.a3 bxc3 42.Kc2 Rd2+ 43.Kxc3 Ra2
44.Rf1 Kf8 45.Rf5 Be7 46.Rb5 Kg7 47.a4 Bb4+ 48.Rxb4 axb4+ 49.Kxb4 h5 50.a5 h4
51.a6 h3 52.Kb5 h2 53.Bd5 Ra1 54.b4 h1=Q 55.Bxh1 Rxh1 56.Kc6 Ra1 57.b5 Kxf7
58.Kb7 Ke6  1/2-1/2

[Event "ch-NR"]
[Site "Novosibirsk RUS"]
[Date "2001.11.14"]
[Round "2"]
[White "Polovnikov,G"]
[Black "Galuzin,G"]
[Result "1-0"]
[WhiteElo "2199"]
[BlackElo "2045"]

1.e4 c5 2.Nf3 d6 3.d4 cxd4 4.Nxd4 Nf6 5.Nc3 a6 6.f3 g6 7.Be3 Bg7 8.Qd2 Nc6
9.O-O-O Bd7 10.h4 h5 11.Kb1 Rc8 12.Bg5 Nxe4 13.Nxe4 Nxd4 14.Nxd6+ Kf8 15.Nxc8 Qxc8
16.c3 Bf5+ 17.Bd3 Nc6 18.Bxf5 Qxf5+ 19.Qd3 Qxd3+ 20.Rxd3 f6 21.Be3 Ne5 22.Rd8+ Kf7
23.Rxh8 Bxh8 24.Rd1 Bg7 25.Rd8 Nc4 26.Bf2 g5 27.hxg5 fxg5 28.Rd7 b5 29.Ra7 a5
30.Bc5 Bf6 31.Rb7 h4 32.Rxb5  1-0

[Event "ch-BRA"]
[Site "Sao Paolo BRA"]
[Date "2001.12.19"]
[Round "3"]
[White "Bouwman,M"]
[Black "Bittencourt,J"]
[Result "1/2-1/2"]
[WhiteElo "2268"]
[BlackElo "2264"]

1.e4 c5 2.Nf3 d6 3.d4 cxd4 4.Nxd4 Nf6 5.Nc3 a6 6.f3 e6 7.Be3 Nbd7 8.g4 h6
9.Qd2 b5 10.O-O-O Bb7 11.h4 b4 12.Nb1 d5 13.Bh3 g5 14.hxg5 hxg5 15.Bg2 Rxh1
16.Rxh1 dxe4 17.fxe4 Nxe4 18.Bxe4 Bxe4 19.Bxg5 Qa5 20.Re1 Bd5 21.a3 Rc8 22.Re2 Qa4
23.axb4 Bxb4 24.Qf4 Nc5 25.Re3 Nb3+ 26.Nxb3 Bxb3 27.c3 Bd1 28.Qe4 Be7 29.Bxe7 Kxe7
30.Re1 Qxe4 31.Rxe4 Bf3 32.Ra4 Rh8 33.Kd2 Bb7 34.Rb4 Bc8 35.Ke3 e5 36.Nd2 Rh4
37.Nf3  1/2-1/2

[Event "ch-BRA"]
[Site "Sao Paolo BRA"]
[Date "2001.12.20"]
[Round "5"]
[White "Bouwman,M"]
[Black "Morais,P"]
[Result "1-0"]
[WhiteElo "2268"]
[BlackElo "2121"]

1.e4 c5 2.Nf3 d6 3.d4 cxd4 4.Nxd4 Nf6 5.Nc3 a6 6.f3 b5 7.Be3 e6 8.g4 h6 9.Qd2 Bb7
10.O-O-O Nbd7 11.Bd3 d5 12.exd5 e5 13.Ne6 Qa5 14.Nxf8 Rxf8 15.Bf5 O-O-O 16.a3 Kb8
17.Bf2 b4 18.axb4 Qa1+ 19.Nb1 Nxd5 20.Qd3 N7f6 21.Qb3 Nf4 22.Qe3 N6d5 23.Qa7+ Kc7
24.Qc5+ Kb8 25.Qa7+ Kc7 26.Qc5+ Kb8 27.Rhe1 g6 28.Be4 Rfe8 29.c4 Rd7 30.Bc2 Rc7
31.Qa7+ Kc8 32.cxd5 Bxd5 33.Rxd5 Rxa7 34.Ra5 Qxa5 35.bxa5 Rc7 36.Nc3 Nd5
37.Nxd5  1-0

[Event "ch-BRA"]
[Site "Sao Paolo BRA"]
[Date "2001.12.22"]
[Round "7"]
[White "Bouwman,M"]
[Black "Di Berardino,D"]
[Result "0-1"]
[WhiteElo "2268"]
[BlackElo "2207"]

1.e4 c5 2.Nf3 d6 3.d4 cxd4 4.Nxd4 Nf6 5.Nc3 a6 6.f3 e5 7.Nb3 Be6 8.Be3 Nbd7
9.Qd2 b5 10.O-O-O Nb6 11.Na5 b4 12.Nb1 d5 13.Nc6 Qc7 14.Nxb4 d4 15.Nxa6 Rxa6
16.Bxa6 dxe3 17.Qxe3 Bc5 18.Bb5+ Ke7 19.Qc3 Rc8 20.Nd2 Bxa2 21.Nb3 Be3+ 22.Nd2 Qxc3
23.bxc3 Be6 24.Rhe1 Bg5 25.Kb1 Rxc3 26.Re2 Rc5 27.c4 Bxd2 28.Rexd2 Nxc4 29.Bxc4 Rxc4
30.Rc2 Rb4+ 31.Rb2 Rxb2+ 32.Kxb2 Nh5 33.g3 g5 34.Rf1 g4 35.f4 exf4 36.gxf4 g3
37.f5 Bc4 38.Rg1 gxh2 39.Rh1 Ng3 40.Rxh2 Nxe4 41.Rxh7 Kf6 42.Kc2 Kxf5 43.Rh4 f6
44.Kd1 Bd3 45.Ke1 Kg5 46.Rh3 Bc4 47.Ra3 f5 48.Ra4 Bf7 49.Kf1 Bh5 50.Kg2 Kf4
51.Ra3 Bd1 52.Rd3 Bc2 53.Ra3 Kg4 54.Ra7 f4 55.Rg7+ Ng5 56.Rg8 f3+ 57.Kf2 Be4
58.Ke3 Bd5 59.Rd8 Be6 60.Rd4+ Kg3 61.Rf4 Bg4 62.Rf8 Nh3 63.Rf7 f2 64.Rxf2 Nxf2
65.Kd4 Kf4 66.Kd5 Bf5 67.Kd4 Be4 68.Kc5 Ke5 69.Kc4 Nd3 70.Kb5 Kd5 71.Kb6 Kd6
72.Kb5 Bd5 73.Kb6 Bc6 74.Ka6 Kc5 75.Ka7 Ne5 76.Ka6 Nc4 77.Ka7 Kd6 78.Kb8 Kd7
79.Ka7 Kc7 80.Ka6 Ba4 81.Ka7 Bb5  0-1

[Event "22nd Open"]
[Site "Bethune FRA"]
[Date "2001.12.26"]
[Round "1"]
[White "Lobzhanidze,D"]
[Black "Manet,E"]
[Result "1-0"]
[WhiteElo "2505"]
[BlackElo "2020"]

1.e4 c5 2.Nf3 d6 3.d4 cxd4 4.Nxd4 Nf6 5.Nc3 a6 6.f3 e6 7.Be3 Be7 8.Qd2 Qc7
9.g4 Nc6 10.O-O-O Ne5 11.Kb1 O-O 12.g5 Nfd7 13.f4 Nc4 14.Bxc4 Qxc4 15.h4 b5
16.f5 Ne5 17.h5 b4 18.Nce2 exf5 19.exf5 Bb7 20.f6 gxf6 21.Nf5 Rfe8 22.gxf6 Bxh1
23.Nxe7+ Rxe7 24.fxe7 Be4 25.Rg1+ Kh8 26.Qxd6 Qxc2+ 27.Ka1 Qxb2+ 28.Kxb2 Nc4+
29.Ka1  1-0

[Event "22nd Open"]
[Site "Bethune FRA"]
[Date "2001.12.28"]
[Round "5"]
[White "Lobzhanidze,D"]
[Black "Maitesian,S"]
[Result "0-1"]
[WhiteElo "2505"]
[BlackElo "2307"]

1.e4 c5 2.Nf3 d6 3.d4 cxd4 4.Nxd4 Nf6 5.Nc3 a6 6.f3 Qb6 7.Nb3 e6 8.Qe2 Be7
9.Be3 Qc7 10.O-O-O Nc6 11.g4 b5 12.Qf2 Nd7 13.Kb1 Bb7 14.h4 Rc8 15.g5 Nce5
16.a3 O-O 17.Rg1 Kh8 18.h5 d5 19.exd5 Bxa3 20.Bd4 b4 21.bxa3 bxc3 22.h6 Bxd5
23.hxg7+ Kxg7 24.Qh2 Rh8 25.Qh6+ Kg8 26.Ka2 Qd6 27.Bd3 Bxb3+ 28.cxb3 Qxd4
29.Bxh7+ Rxh7 30.Rxd4 Rxh6 31.gxh6+ Kh7 32.Rg7+ Kh8 33.Kb1 Nc5 34.Kc2 Nxb3  0-1